| 000 | 00898nmc a2200301 a 4500 | ||
|---|---|---|---|
| 003 | AR-BaBNM | ||
| 005 | 20251128210801.0 | ||
| 008 | 091020s2001 ||||||||||||||000 | spa|| | ||
| 020 | _a950-892-113-7 | ||
| 040 | _cAR-BaBNM | ||
| 100 | 1 | _aTobar, Federico | |
| 245 | 1 | 0 |
_aOrganizaciones solidarias _bgestión e innovación en el tercer sector |
| 260 |
_aBuenos Aires _bLugar Editorial _c2001 |
||
| 300 | 0 |
_a154 p. _bgráf. |
|
| 490 | 0 | _aColección Salud Colectiva | |
| 500 | 0 | _aContiene referencias bibliográficas e índice de cuadros y diagramas | |
| 650 | 4 | _aGESTION | |
| 650 | 4 | _aSOLIDARIDAD | |
| 650 | 4 | _aORGANIZACIONES VOLUNTARIAS | |
| 650 | 4 | _aONGs | |
| 650 | 4 | _aCOOPERATIVAS | |
| 650 | 4 | _aCAMBIO SOCIAL | |
| 653 | _aTEORIA DE LAS ORGANIZACIONES | ||
| 700 | 1 | _aFernández Pardo, Carlos Alberto | |
| 800 | 1 |
_aSpinelli, Hugo _ecoordinador |
|
| 942 | _cBK | ||
| 998 | _cRAQUEL | ||
| 999 |
_c16892 _d16892 |
||